| 000 | 00640nam a22002177a 4500 | ||
|---|---|---|---|
| 003 | OSt | ||
| 005 | 20161006191851.0 | ||
| 008 | 140707b xxu||||| |||| 00| 0 eng d | ||
| 020 | _a 978-0071604055 | ||
| 020 | _a 0071604057 | ||
| 040 | _cDLN | ||
| 082 | _aQV 4 K157b 2009 | ||
| 100 |
_9366 _aBertram G Katzung, Susan B Masters, Anthony J Trevor |
||
| 245 | _aBasic and Clinical Pharmacology | ||
| 250 | _a11th ed. | ||
| 260 |
_aBoston : _bThe McGraw-Hill Companies; _c2009. |
||
| 300 |
_avii, 1218 p. : _bCol.ill ; _c29 cm. |
||
| 504 | _aIncludes bibliographical references and index | ||
| 650 |
_aPharmacology _9357 |
||
| 942 |
_2z _cSLOAN |
||
| 999 |
_c596 _d596 |
||